[Event "Douglas IoM op-C"]
[Site "Douglas"]
[Date "2018.10.26"]
[Round "5"]
[White "Kirkwood, Robin"]
[Black "Minor, Harry"]
[Result "1/2-1/2"]
[WhiteElo "1633"]
[BlackElo "1522"]
[PlyCount "49"]
[EventDate "2018.10.22"]
[EventType "swiss"]
[EventRounds "7"]
[EventCountry "IOM"]
[SourceTitle "CBM 187 Extra"]
[Source "ChessBase"]
[SourceDate "2018.11.04"]
[SourceVersion "1"]
[SourceVersionDate "2018.11.04"]
[SourceQuality "1"]

1. d4 Nf6 2. Bf4 d6 3. c4 g6 4. Nc3 Bg7 5. Nf3 0-0 6. h3 Nbd7 7. e3 c5 8. Be2 cxd4 9. exd4 Qb6 10. Qb3 Qxb3 11. axb3 a6 12. 0-0 Re8 13. d5 Nc5 14. b4 Nce4 15. Be3 Nxc3 16. bxc3 Ne4 17. Bd4 Bxd4 18. cxd4 e6 19. dxe6 Bxe6 20. d5 Bd7 21. Bd3 f5 22. Nd4 Re7 23. Rfe1 Rae8 24. f3 Nf6 25. Kf2 1/2-1/2

[Event "Douglas IoM Minor op"]
[Site "Douglas"]
[Date "2017.10.01"]
[Round "7"]
[White "Armstrong, Chris"]
[Black "Kirkwood, Robin"]
[Result "1/2-1/2"]
[WhiteElo "1619"]
[BlackElo "1642"]
[PlyCount "38"]
[EventDate "2017.09.25"]
[EventType "swiss"]
[EventRounds "7"]
[EventCountry "IOM"]
[SourceTitle "EXT 2019"]
[Source "ChessBase"]
[SourceDate "2018.10.10"]
[SourceVersion "1"]
[SourceVersionDate "2018.10.10"]
[SourceQuality "1"]

1. e4 c5 2. Nf3 e6 3. d4 cxd4 4. Nxd4 a6 5. Nc3 Qc7 6. Be3 Nf6 7. f3 Bb4 8. Nde2 0-0 9. a3 Bc5 10. Nd4 b5 11. Qd2 Bb7 12. Bd3 Nc6 13. Nxc6 Qxc6 14. 0-0 d5 15. exd5 Nxd5 16. Nxd5 Qxd5 17. Rad1 Qe5 18. Bxc5 Qxc5+ 19. Qf2 Qxf2+ 1/2-1/2

[Event "Douglas IoM Minor op"]
[Site "Douglas"]
[Date "2017.09.29"]
[Round "5"]
[White "Walker, Gordon J"]
[Black "Kirkwood, Robin"]
[Result "0-1"]
[WhiteElo "1611"]
[BlackElo "1642"]
[PlyCount "34"]
[EventDate "2017.09.25"]
[EventType "swiss"]
[EventRounds "7"]
[EventCountry "IOM"]
[SourceTitle "EXT 2019"]
[Source "ChessBase"]
[SourceDate "2018.10.10"]
[SourceVersion "1"]
[SourceVersionDate "2018.10.10"]
[SourceQuality "1"]

1. e4 c5 2. Nf3 e6 3. c3 g6 4. d4 cxd4 5. Qxd4 Nf6 6. e5 Nc6 7. Qh4 Nd5 8. Bg5 Be7 9. Bxe7 Qxe7 10. Qg3 0-0 11. Nbd2 f6 12. Bd3 Nxe5 13. Nxe5 fxe5 14. Qxe5 d6 15. Qg3 Nf4 16. Bc2 d5 17. 0-0 Ne2+ 0-1

[Event "Gibraltar Amateur op-A"]
[Site "Caleta"]
[Date "2017.01.24"]
[Round "2"]
[White "Smedsrud, Morten S"]
[Black "Kirkwood, Robin"]
[Result "1/2-1/2"]
[WhiteElo "1345"]
[BlackElo "1677"]
[PlyCount "66"]
[EventDate "2017.01.23"]
[EventType "swiss"]
[EventRounds "5"]
[EventCountry "GGB"]
[SourceTitle "CBM 176 Extra"]
[Source "ChessBase"]
[SourceDate "2017.03.02"]
[SourceVersion "1"]
[SourceVersionDate "2017.03.02"]
[SourceQuality "1"]

1. d4 d6 2. e4 Nf6 3. Nc3 c6 4. f3 Nbd7 5. Be3 g6 6. Qd2 Bg7 7. 0-0-0 b5 8. g4 Nb6 9. Bh6 0-0 10. Bxg7 Kxg7 11. h4 h5 12. gxh5 Nxh5 13. Nh3 Ng3 14. Rh2 Nxf1 15. Rxf1 Bxh3 16. Rxh3 Rh8 17. Rg1 Rh5 18. Rg4 e5 19. f4 exf4 20. Rxf4 Qd7 21. Rhf3 Rf8 22. Qf2 c5 23. Nxb5 cxd4 24. Nxd4 Nc4 25. Rf6 Ne5 26. Ne6+ fxe6 27. Rxf8 Nxf3 28. Rxf3 Qe7 29. Rf4 d5 30. exd5 Rxd5 31. Rd4 Rf5 32. Rf4 Rd5 33. Rd4 Rf5 1/2-1/2

[Event "Guernsey Holiday op 42nd"]
[Site "Guernsey"]
[Date "2016.10.22"]
[Round "7"]
[White "Colsen, Manuel"]
[Black "Kirkwood, Robin"]
[Result "1/2-1/2"]
[WhiteElo "1696"]
[BlackElo "1646"]
[PlyCount "110"]
[EventDate "2016.10.16"]
[EventType "swiss"]
[EventRounds "7"]
[EventCountry "GCI"]
[SourceTitle "EXT 2022"]
[Source "ChessBase"]
[SourceDate "2021.10.06"]
[SourceVersion "1"]
[SourceVersionDate "2021.10.06"]
[SourceQuality "1"]

1. Nf3 b6 2. g3 Bb7 3. Bg2 e5 4. d3 Nf6 5. e4 d6 6. 0-0 Be7 7. c4 0-0 8. Nc3 Nc6 9. Nd5 Re8 10. a3 a5 11. Bd2 Nd4 12. Nxd4 exd4 13. b4 c6 14. Nxe7+ Rxe7 15. Bg5 Re8 16. Qf3 Bc8 17. Bxf6 Qxf6 18. Qxf6 gxf6 19. e5 Rxe5 20. Bxc6 Rb8 21. Rfe1 Bb7 22. Rxe5 fxe5 23. Bxb7 Rxb7 24. Rb1 axb4 25. Rxb4 Ra7 26. a4 Ra6 27. Kg2 Kf8 28. f4 Ke7 29. fxe5 dxe5 30. g4 f6 31. Kf3 Kd6 32. Ke4 Kc5 33. Rb5+ Kc6 34. Rb4 Kc5 35. Rb5+ Kc6 36. Kf5 Rxa4 37. Kxf6 e4 38. dxe4 d3 39. Rd5 Rxc4 40. Rxd3 Rxe4 41. Kf5 Re2 42. Rh3 Re7 43. Kf6 Ra7 44. Rh6 b5 45. h4 b4 46. Ke5+ Kc5 47. Ke4 Kc4 48. Rb6 Re7+ 49. Kf5 Rc7 50. g5 Kc3 51. h5 b3 52. g6 hxg6+ 53. hxg6 Kc2 54. Kf6 b2 55. g7 Rxg7 1/2-1/2

[Event "Guernsey Holiday op 42nd"]
[Site "Guernsey"]
[Date "2016.10.16"]
[Round "1"]
[White "Dennis, Nigel W"]
[Black "Kirkwood, Robin"]
[Result "0-1"]
[WhiteElo "1813"]
[BlackElo "1646"]
[PlyCount "78"]
[EventDate "2016.10.16"]
[EventType "swiss"]
[EventRounds "7"]
[EventCountry "GCI"]
[SourceTitle "EXT 2022"]
[Source "ChessBase"]
[SourceDate "2021.10.06"]
[SourceVersion "1"]
[SourceVersionDate "2021.10.06"]
[SourceQuality "1"]

1. e4 c6 2. d4 d5 3. exd5 cxd5 4. c4 Nf6 5. Nc3 e6 6. Nf3 Nc6 7. Bg5 Be7 8. c5 0-0 9. a3 a5 10. Bb5 Nd7 11. Bxe7 Nxe7 12. 0-0 b6 13. b4 Bb7 14. bxa5 bxc5 15. Bxd7 Qxd7 16. dxc5 Rxa5 17. Qd4 Nc6 18. Qd3 Ba6 19. Qc2 Bxf1 20. Kxf1 Rxc5 21. Qd3 Ra8 22. Ng5 f5 23. g4 h6 24. Nf3 fxg4 25. Nd4 Nxd4 26. Qxd4 Rc4 27. Qd3 Rac8 28. Ne2 Qf7 29. Qg3 Qf3 30. Qd6 Qh1+ 31. Ng1 Rc1+ 32. Rxc1 Rxc1+ 33. Ke2 Qe4+ 34. Kd2 Qe1+ 35. Kd3 Rd1+ 36. Kc2 Qd2+ 37. Kb3 Rb1+ 38. Ka4 Qd4+ 39. Ka5 Qa7+ 0-1

[Event "Sitges Sunway op-B 2nd"]
[Site "Sitges"]
[Date "2015.12.13"]
[Round "2"]
[White "Costa Trave, Jaume"]
[Black "Kirkwood, Robin"]
[Result "0-1"]
[WhiteElo "1964"]
[BlackElo "1821"]
[PlyCount "73"]
[EventDate "2015.12.13"]
[EventType "swiss"]
[EventRounds "9"]
[EventCountry "ESP"]
[SourceTitle "CBM 170 Extra"]
[Source "ChessBase"]
[SourceDate "2016.02.25"]
[SourceVersion "1"]
[SourceVersionDate "2016.02.25"]
[SourceQuality "1"]

1. f4 Nf6 2. Nf3 b6 3. e3 Bb7 4. d4 e6 5. Bd3 Be7 6. 0-0 0-0 7. Qe2 Ne4 8. Nbd2 f5 9. Bxe4 fxe4 10. Ne5 d6 11. Ng4 Nd7 12. c4 a5 13. b3 d5 14. Bb2 Qe8 15. Rac1 Qg6 16. Ne5 Nxe5 17. fxe5 Ba6 18. Rxf8+ Rxf8 19. Rf1 Bb4 20. Rxf8+ Kxf8 21. Nf1 Be7 22. Qf2+ Ke8 23. cxd5 Bxf1 24. Qxf1 exd5 25. Qb5+ c6 26. Qxb6 Bg5 27. Qb8+ Kd7 28. Qb7+ Ke8 29. Qc8+ Kf7 30. Ba3 Bxe3+ 31. Kh1 Qe6 32. Qc7+ Kg6 33. Bf8 Qf7 34. Qd6+ Kh5 35. h4 Qf1+ 36. Kh2 Qf4+ 37. Kh3 0-1

[Event "Guernsey op 40th"]
[Site "Vale"]
[Date "2014.10.22"]
[Round "4"]
[White "De Kruif, Kees"]
[Black "Kirkwood, Robin"]
[Result "1-0"]
[WhiteElo "1927"]
[BlackElo "2046"]
[PlyCount "27"]
[EventDate "2014.10.19"]
[EventType "swiss"]
[EventRounds "7"]
[EventCountry "GCI"]
[SourceTitle "EXT 2016"]
[Source "ChessBase"]
[SourceDate "2015.10.08"]
[SourceVersion "1"]
[SourceVersionDate "2015.10.08"]
[SourceQuality "1"]

1. c4 d6 2. g3 e5 3. Bg2 Nf6 4. Nc3 c6 5. e4 Be7 6. Nge2 0-0 7. 0-0 Na6 8. d3 Bd7 9. f4 Qb6+ 10. Kh1 Ng4 11. d4 Rad8 12. h3 exd4 13. Na4 Ne3 14. Bxe3 1-0

[Event "Jersey op"]
[Site "St Helier"]
[Date "2000.02.25"]
[Round "6"]
[White "Corkett, Anthony R"]
[Black "Kirkwood, Robin"]
[Result "1-0"]
[WhiteElo "2295"]
[BlackElo "2083"]
[PlyCount "81"]
[EventDate "2000.02.20"]
[EventType "swiss"]
[EventRounds "7"]
[EventCountry "JCI"]
[SourceTitle "CBM 074 Extra"]
[Source "ChessBase"]
[SourceDate "2000.03.10"]
[SourceVersion "2"]
[SourceVersionDate "2000.03.10"]
[SourceQuality "1"]

1. e4 d6 2. d4 Nf6 3. Nc3 c6 4. Nf3 Bg4 5. Be2 e6 6. 0-0 Be7 7. Be3 0-0 8. a3 d5 9. h3 Bh5 10. Nd2 Bxe2 11. Qxe2 dxe4 12. Ncxe4 Nxe4 13. Nxe4 Nd7 14. c4 Nf6 15. Nc3 Qc7 16. Rac1 Rad8 17. Rfd1 Qa5 18. Qf3 h6 19. Ra1 Qa6 20. b3 Rd7 21. Qe2 Rfd8 22. b4 b6 23. Rdb1 Qc8 24. Rd1 Bf8 25. Qf3 Be7 26. Rab1 Ne8 27. Rbc1 Bf6 28. b5 c5 29. dxc5 Rxd1+ 30. Nxd1 bxc5 31. Nc3 Bd4 32. Ne2 e5 33. Ng3 Nd6 34. Ne4 Bxe3 35. fxe3 f6 36. a4 Qe6 37. Nxc5 Qf7 38. Qd5 Qxd5 39. cxd5 f5 40. Ne6 Rd7 41. Nc7 1-0

[Event "Jersey op"]
[Site "St Helier"]
[Date "1999.02.19"]
[Round "6"]
[White "Kirkwood, Robin"]
[Black "White, Michael JR"]
[Result "0-1"]
[WhiteElo "2102"]
[BlackElo "2013"]
[PlyCount "96"]
[EventDate "1999.02.??"]
[EventType "swiss"]
[EventRounds "7"]
[EventCountry "JCI"]
[SourceTitle "EXT 2000"]
[Source "ChessBase"]
[SourceDate "1999.11.16"]
[SourceVersion "1"]
[SourceVersionDate "1999.11.16"]
[SourceQuality "1"]

1. d4 Nf6 2. Nf3 g6 3. Nc3 d5 4. Bf4 Bg7 5. e3 0-0 6. Be2 c6 7. Ne5 Nbd7 8. h4 Nxe5 9. Bxe5 h5 10. f3 Nd7 11. Bxg7 Kxg7 12. g4 hxg4 13. fxg4 e5 14. dxe5 Nxe5 15. Qd4 Qf6 16. g5 Qe7 17. 0-0-0 Bf5 18. h5 b5 19. Rdg1 a5 20. e4 dxe4 21. Nxe4 Rad8 22. Qe3 Bxe4 23. Qxe4 Qe6 24. Rf1 Rfe8 25. b3 a4 26. Qf4 axb3 27. axb3 Qd6 28. Qf6+ Qxf6 29. gxf6+ Kg8 30. Rhg1 Rd6 31. hxg6 fxg6 32. Bh5 Kf7 33. Bd1 Rxf6 34. Re1 Rfe6 35. Ref1+ Kg7 36. Rg5 Rf6 37. Rh1 Rf5 38. Rg3 Rh8 39. Rhg1 Rh2 40. Kb2 b4 41. Kc1 Rff2 42. Re3 Kf6 43. Rge1 Rf5 44. c3 bxc3 45. Rxc3 Rff2 46. Rce3 Ra2 47. Kb1 Rad2 48. Kc1 Nd3+ 0-1